История боевых искусств: Колыбель цивилизаций

Détails bibliographiques
Autres auteurs: Панченко Г. К. (редактор)
Langue:russe
Publié: Москва, АСТ, 1997
Sujets:
Format: MixedMaterials Livre
KOHA link:https://koha.lib.tpu.ru/cgi-bin/koha/opac-detail.pl?biblionumber=10581

MARC

LEADER 00000nam0a2200000 4500
001 10581
005 20231030183106.0
010 |a 573900134X 
035 |a (RuTPU)RU\TPU\book\10642 
035 |a BOOK00010708 
090 |a 10581 
100 |a 20011209d1997 m y0rusy50 ca 
101 0 |a rus 
102 |a RU 
105 |a a z 000zy 
200 1 |a История боевых искусств  |e Колыбель цивилизаций  |f Под ред. Г. К. Панченко 
210 |a Москва  |c АСТ  |d 1997  |c Олимп 
215 |a 480 с.  |c ил. 
610 1 |a борьба 
610 1 |a боевые искусства 
610 1 |a Европа 
675 |a 796.8  |v 3 
702 1 |a Панченко  |b Г. К.  |4 340 
801 0 |a RU  |b 63413507  |c 20011209  |g PSBO 
801 2 |a RU  |b 63413507  |c 20070917  |g PSBO 
942 |c BK